| 000 | 02636cas a2200637 a 4500 | ||
|---|---|---|---|
| 999 |
_c18523 _d18523 |
||
| 001 | 11370585 | ||
| 003 | BDDh-ASL | ||
| 005 | 20231015025718.0 | ||
| 008 | 821021d1982 ii ar 0 0eng c | ||
| 010 |
_a 90641861 _zsn 84010523 |
||
| 016 | 7 |
_a016792785 _2DE-101 |
|
| 016 | 7 |
_a1150771-8 _2DE-600 |
|
| 035 | _a(OCoLC)ocm08879988 | ||
| 040 |
_aGSU _beng _cGSU _dBDDh-ASL _dHUL _dNST _dDLC _dNST _dDLC _dCOO _dNST _dIUL _dNST _dSYS _dHNK _dNLGGC _dRBN _dHEBIS _dGBVCP _dOCLCQ _dOCLCF _dOCLCO _dOCL _dIUL _dGILDS _dOCLCO _dOCLCQ _dL2U |
||
| 042 | _apcc | ||
| 043 | _aaz----- | ||
| 050 | 0 | 0 |
_aDS331 _b.S83 |
| 082 | 0 | 0 |
_a954 _220 _bSUB |
| 245 | 0 | 0 |
_aSubaltern studies I : _bwritings on South Asian history and society/ _cedited by Ranajit Guha. |
| 246 | 3 | 0 | _aWritings on South Asian history and society |
| 260 |
_aDelhi : _aNew York : _bOxford University Press, _c1982- |
||
| 300 |
_av-1, 241 p.: _billustrations ; _c23-24 cm |
||
| 310 | _aAnnual | ||
| 336 |
_atext _btxt _2rdacontent |
||
| 337 |
_aunmediated _bn _2rdamedia |
||
| 338 |
_avolume _bnc _2rdacarrier |
||
| 362 | 0 | _a1- | |
| 362 | 1 | _aCeased with 12 in 2005. | |
| 500 | _aEdited by Ranajit Guha, 1982-1989. | ||
| 500 | _aSelected essays from v. 1-5 published in the collection: Selected subaltern studies. | ||
| 500 | _aSome issues also have distinctive titles. | ||
| 500 | _aPublished: New York : Columbia University Press, v. 11- | ||
| 515 | _aNo vols. published for 1986 and 1988. | ||
| 588 | _aLatest issue consulted: 11, published in 2000. | ||
| 590 | _aSERBIB/SERLOC merged record | ||
| 650 | 7 |
_a15.75 history of Asia. _0(NL-LeOCL)077599616 _2bcl |
|
| 650 | 7 |
_aSocial conditions _2fast _0(OCoLC)fst01919811 |
|
| 650 | 1 | 7 |
_aSociale aspecten. _2gtt |
| 650 | 1 | 7 |
_aSociaal-economische geschiedenis. _2gtt |
| 650 | 1 | 7 |
_aPolitieke geschiedenis. _2gtt |
| 651 | 0 |
_aSouth Asia _xHistory _vPeriodicals. |
|
| 651 | 0 |
_aSouth Asia _xSocial conditions _vPeriodicals. |
|
| 651 | 7 |
_aSouth Asia. _2fast _0(OCoLC)fst01244520 |
|
| 655 | 7 |
_aHistory. _2fast _0(OCoLC)fst01411628 |
|
| 655 | 7 |
_aPeriodicals. _2fast _0(OCoLC)fst01411641 |
|
| 655 | 7 |
_aHistory (form) _0(NL-LeOCL)088143147 _2gtt |
|
| 655 | 7 |
_aPeriodicals. _2lcgft |
|
| 700 | 1 | _aGuha, Ranajit. | |
| 730 | 0 | _aSubaltern studies. | |
| 776 | 0 | 8 |
_iOnline version: _tSubaltern studies _w(OCoLC)647111038 |
| 906 |
_a7 _bcbc _cserials _d3 _encip _f19 _gn-oclcserc |
||
| 942 |
_2ddc _cBK |
||